| 000 | 01252naa a22003617a 4500 | ||
|---|---|---|---|
| 001 | BR7500933 | ||
| 003 | BR-BrBNA | ||
| 005 | 20240918173723.0 | ||
| 007 | ta | ||
| 008 | 230509b bl.||||| |||| 00| 0 por d | ||
| 040 |
_aBR-BrBNA _bpor _cBiblioteca Nacional de Agricultura |
||
| 041 | _a(Pt) | ||
| 072 |
_aF22; P12 _b0150 _bG514 |
||
| 090 | _aF22 BR7500933 | ||
| 100 | 1 | _aSilva, J.F. da | |
| 245 | 1 | _aEfeitos de diferentes niveis de gesso na correcao de solos salinos-sodicos do perimetro irrigado de Poco da Cruz [Arroz; Oryza sativa; Quimica do solo; Irrigacao pro inundacao; Ibimirim; Pernambuco; Brasil] | |
| 260 | 3 |
_aRecife, PE (Brasil): _c1975. |
|
| 500 | _aRelatorio anual; pesquisas agropecuarias 1975 Recife, PE (Brasil): 1975. p. 1-23 (BR7500933-AM)F22 | ||
| 650 | _aQuimica do solo | ||
| 650 | _aIrrigacao | ||
| 650 | _aArroz | ||
| 650 | _aIrrigacao por inundacao | ||
| 650 | _aSolo | ||
| 650 | _aAnalise quimica | ||
| 650 | _aElemento quimico | ||
| 650 | _aSodio | ||
| 650 | _aCALCIO | ||
| 650 | _aLixiviacao | ||
| 650 | _aPernambuco | ||
| 773 | 0 |
_tRelatorio anual; pesquisas agropecuarias 1975 _wF22 BR7500933 _gRecife, PE (Brasil), 1975. p. 1-23 |
|
| 909 |
_a202404 _bLucia _c55 _dLucia Elande |
||
| 942 |
_cAM _2AGRIS |
||
| 999 |
_c306427 _d306427 |
||